Achievement scales in physical education activities for college men /

Bibliographic Details
Main Author: Cozens, Frederick Warren, 1890-
Format: Book
Language:English
Published: Philadelphia : Lea & Febiger, 1936.
Subjects:

MARC

Tag First Indicator Second Indicator Subfields
LEADER 00000cam a2200000 4500
001 in00000068278
005 20151008051947.0
008 770715s1936 pau 00000 eng
010 |a  36005922  
035 |a (OCoLC)03117611 
035 |9 AAH0951AM 
040 |a DLC  |c IAU  |d TXA  |d UtOrBLW 
049 |a TXAM  |c [186888] 
050 0 0 |a GV436  |b .C64 
082 0 |a 371.73240761 
092 |a 371.7324  |b C882a 
100 1 |a Cozens, Frederick Warren,  |d 1890- 
245 1 0 |a Achievement scales in physical education activities for college men /  |c by Frederick W. Cozens. 
264 1 |a Philadelphia :  |b Lea & Febiger,  |c 1936. 
300 |a 118 pages :  |b illustrations ;  |c 24 cm. 
336 |a text  |b txt  |2 rdacontent 
337 |a unmediated  |b n  |2 rdamedia 
338 |a volume  |b nc  |2 rdacarrier 
650 0 |a Physical education and training. 
650 0 |a Ability  |x Testing. 
650 0 |a Athletics. 
999 |a MARS 
999 f f |s 6e63f0a8-2b4d-3863-8223-28eb347adcf9  |i 69ee8dc3-7064-3e12-b832-51b7e272cef6  |t 0 
952 f f |p ric  |a Texas A&M University  |b Rellis Campus  |c Joint Library Facility  |d Remote Storage  |t 0  |e GV436 .C64  |h Library of Congress classification  |i unmediated -- volume  |m A14800845538 
998 f f |a GV436 .C64  |t 0  |l Remote Storage